Artl, Josef: Moderní metody modelování ekonomických časových řad

Recenzia publikácie Artl, Josef: Moderní metody modelování ekonomických časových řad. Praha, Grada 1999. 312 s. Autor sa zaoberá popisom metód stochastického modelovania jednorozmerných a viacrozmerných časových radov pomocou modelov ARIMA, t.j. autoregresných integrovaných modelov kĺzavých priemero...

Ausführliche Beschreibung

Gespeichert in:
Bibliographische Detailangaben
1. Verfasser: Rublíková, Eva
Format: Buchkapitel
Sprache:Slowakisch
Schlagworte:
Tags: Tag hinzufügen
Keine Tags, Fügen Sie das erste Tag hinzu!

MARC

LEADER 00000naa a2200000 4500
001 r038321
005 20230929073142.0
041 0 |a slo 
044 |a SK 
245 1 0 |a Artl, Josef: Moderní metody modelování ekonomických časových řad  |c Eva Rublíková 
520 |a Recenzia publikácie Artl, Josef: Moderní metody modelování ekonomických časových řad. Praha, Grada 1999. 312 s. Autor sa zaoberá popisom metód stochastického modelovania jednorozmerných a viacrozmerných časových radov pomocou modelov ARIMA, t.j. autoregresných integrovaných modelov kĺzavých priemerov. 
610 2 0 |a recenzie 
610 2 0 |a rady časové 
610 2 0 |a modelovanie 
610 2 0 |a prognózovanie 
610 2 0 |a modely 
100 1 |a Rublíková, Eva